000 00503cam a2200157 4500500
005 20260322000823.0
041 _afre
042 _adc
100 1 0 _aDuchêne, Hervé
_eauthor
700 1 0 _aMartinez, Jean-Luc
_eauthor
245 0 0 _aPrésentation
260 _c2011.
500 _a89
786 0 _nL'Histoire - Les Collections | 53 | 4 | 2011-10-13 | p. 39-39 | 2727-6945
856 4 1 _uhttps://shs.cairn.info/magazine-hist-l-hisoire-les-collections-2011-4-page-39?lang=fr&redirect-ssocas=7080
999 _c1709631
_d1709631